Analýza bankového sektora v podmienkach finančnej krízy
Analýza dopadov krízy na bankový sektor, ako aj poukázanie vplyvu bankového sektora na vznik finančnej krízy. Nerovnováha najväčších ekonomík, prekračujúca udržateľné hranice, globálna nevyváženosť na svetových trhoch a samoregulačné nástroje bankového systému viedli k vzniku finančnej krízy, ktorá...
Gespeichert in:
| 1. Verfasser: | |
|---|---|
| Format: | Buchkapitel |
| Sprache: | Slowakisch |
| Schlagworte: | |
| Tags: |
Keine Tags, Fügen Sie das erste Tag hinzu!
|
MARC
| LEADER | 00000nla$a2200000$$$4500 | ||
|---|---|---|---|
| 001 | 0145184 | ||
| 005 | 20240502072617.4 | ||
| 041 | 0 | |a slo | |
| 044 | |a SK | ||
| 245 | 1 | 0 | |a Analýza bankového sektora v podmienkach finančnej krízy |c Mária Klimiková |
| 520 | |a Analýza dopadov krízy na bankový sektor, ako aj poukázanie vplyvu bankového sektora na vznik finančnej krízy. Nerovnováha najväčších ekonomík, prekračujúca udržateľné hranice, globálna nevyváženosť na svetových trhoch a samoregulačné nástroje bankového systému viedli k vzniku finančnej krízy, ktorá má celosvetový charakter. | ||
| 610 | 2 | 0 | |a kríza finančná |
| 610 | 2 | 0 | |a banky |
| 610 | 2 | 0 | |a bankovníctvo |
| 610 | 2 | 0 | |a trh finančný |
| 610 | 2 | 0 | |a obchody bankové |
| 610 | 2 | 0 | |a bankovníctvo hypotekárne |
| 610 | 2 | 0 | |a riziko bankové |
| 610 | 2 | 0 | |a rating |
| 610 | 2 | 0 | |a likvidita |
| 610 | 2 | 0 | |a regulácia |
| 100 | 1 | |a Klimiková, Mária | |